00434nam a2200157Ia 45000010006000000050017000060080041000230410008000640820015000721000024000872450118001112600009002293000022002386500008002606540008002681805420260306171602.0260306s9999||||xx |||||||||||||| ||und|| aESP a658.4bG77 aGratton, LyndaeAUT 0aPuntos calientes:bpor qué algunos equipos, lugares de trabajo y organizaciones vibran con energía y otros no c2008 a352 páginas :c aGEN aCAN